José Carlos Mariátegui en sus textos / (Record no. 5411)

000 -CABECERA
fixed length control field 01208nam a22002657a 4500
003 - IDENTIFICADOR DEL NÚMERO DE CONTROL
control field AR-CdUCM
008 - DATOS DE LONGITUD FIJA--INFORMACIÓN GENERAL
fixed length control field 190312b ||||| |||| 00| 0 spa d
040 ## - FUENTE DE LA CATALOGACIÓN
Agencia/entidad que catalogó originalmente la obra MUNICIPALIDAD PROVINCIAL DEL CUSCO
Entidad que transcribió la catalogación BIBLIOTECA MUNICIPAL DEL CUSCO
082 ## - NÚMERO DE LA CLASIFICACIÓN DECIMAL DEWEY
No. de Clasificación 869.508 /
Notacion interna M26
100 ## - ENTRADA PRINCIPAL--NOMBRE DE PERSONA
Nombre Personal Mariátegui, José Carlos
245 ## - MENCIÓN DE TÍTULO
Título José Carlos Mariátegui en sus textos /
260 ## - PUBLICACIÓN, DISTRIBUCIÓN, ETC.
Lugar de publicación, distribución, etc. Lima :
Nombre de la editorial, distribuidor, etc. Ediciones PEISA,
Fecha de publicación, distribución, etc. 1973.
300 ## - DESCRIPCIÓN FÍSICA
Nº de Páginas Extensión 148 páginas ;
Dimensiones 16 cm.
505 ## - NOTA DE CONTENIDO CON FORMATO
Nota de contenido formateada Contenido:<br/>Tomo I: La insurrección indigenista -- Los grandes esquemas de interpretación de la realidad -- De la teoría a la práctica -- La peruanización de la cultura.
505 ## - NOTA DE CONTENIDO CON FORMATO
Nota de contenido formateada Tomo II: El Marxismo según José Carlos Mariátegui -- Las revoluciones mundiales -- Mirando a las derechas -- Algunos reencuentros personales.
650 ## - PUNTO DE ACCESO ADICIONAL DE MATERIA--TÉRMINO DE MATERIA
Descriptor Ensayos peruanos - SIglo XX
9 (RLIN) 16302
650 ## - PUNTO DE ACCESO ADICIONAL DE MATERIA--TÉRMINO DE MATERIA
Descriptor Jose Carlos MAriategui - Ensayos
9 (RLIN) 11745
650 ## - PUNTO DE ACCESO ADICIONAL DE MATERIA--TÉRMINO DE MATERIA
Descriptor Literatura peruana - Historia, crítica
9 (RLIN) 16303
650 ## - PUNTO DE ACCESO ADICIONAL DE MATERIA--TÉRMINO DE MATERIA
Descriptor Indígenas del Perú - Condiciones sociales
9 (RLIN) 12928
650 ## - PUNTO DE ACCESO ADICIONAL DE MATERIA--TÉRMINO DE MATERIA
Descriptor Ensayos políticos
9 (RLIN) 2390
700 ## - PUNTO DE ACCESO ADICIONAL--NOMBRE DE PERSONA
Nombre Personal Neira, Hugo (Compilador)
9 (RLIN) 2061
942 ## - ELEMENTOS DE PUNTO DE ACCESO ADICIONAL (KOHA)
Fuente de clasificación
Tipo de item Libros-BMC
945 ## - PROCESAMIENTO DE INFORMACIÓN LOCAL (OCLC)
Catalogador lccs
Holdings
Estado de retiro (separado) Fuente de clasificación o esquema de estanterías Estado dañado Ubicación Sala donde se ubica Nombre de la colección Fecha de adquisición o compra Costo, precio normal en soles Signatura topográfica Código de Barras Última vez visto (Koha) Tipo de ítem (Koha)
No     Sala Humanidades Sala Humanidades Book Cart 2019-03-12 20.00 869.508 / M264 / t.1 SH0000005725 2019-03-12 Libros-BMC
No     Sala Humanidades Sala Humanidades Book Cart 2019-03-12 20.00 869.508 / M264 / t.2 SH0000005726 2019-03-12 Libros-BMC

Powered by Koha